Lenders and overriding interests (Record no. 13325)
[ view plain ]
| 000 -LEADER | |
|---|---|
| fixed length control field | 00767cab a2200193 4500 |
| 001 - CONTROL NUMBER | |
| control field | ABS39896 |
| 008 - FIXED-LENGTH DATA ELEMENTS--GENERAL INFORMATION | |
| fixed length control field | 090401t1988 xxu||||| |||| 00| 0 eng d |
| 035 ## - SYSTEM CONTROL NUMBER | |
| System control number | (Sirsi) u19885 |
| 041 ## - LANGUAGE CODE | |
| Language code of text/sound track or separate title | eng |
| 100 ## - MAIN ENTRY--PERSONAL NAME | |
| Personal name | Bright, S. |
| 245 ## - TITLE STATEMENT | |
| Title | Lenders and overriding interests |
| 260 ## - PUBLICATION, DISTRIBUTION, ETC. | |
| Date of publication, distribution, etc. | 1988 |
| 350 ## - PRICE (NR) (BK AM CF MU VM SE) [OBSOLETE] | |
| Price | 0 |
| 490 ## - SERIES STATEMENT | |
| Series statement | New Law Journal |
| Volume/sequential designation | 138(6375) 23 September 1988, 685-687(3) |
| 520 ## - SUMMARY, ETC. | |
| Summary, etc. | The case Lloyds Bank Ltd v Rossett (See Abstract 39423) raised important points in registered conveyancing , when the wife claimed she had a beneficial interest in a house registered in her husband`s name. With reference to caselaw throughout, this article examines the implications of the case. |
| 690 ## - LOCAL SUBJECT ADDED ENTRY--TOPICAL TERM (OCLC, RLIN) | |
| Topical term or geographic name as entry element | PROPERTY LAW AND PRACTICE |
| 942 ## - ADDED ENTRY ELEMENTS (KOHA) | |
| Suppress in OPAC | 0 |
| 948 ## - LOCAL PROCESSING INFORMATION (OCLC); SERIES PART DESIGNATOR (RLIN) | |
| c (OCLC) | 04/03/1997 |
| Withdrawn status | Lost status | Source of classification or shelving scheme | Damaged status | Not for loan | Home library | Current library | Shelving location | Date acquired | Total Checkouts | Full call number | Barcode | Date last seen | Copy number | Price effective from | Koha item type |
|---|---|---|---|---|---|---|---|---|---|---|---|---|---|---|---|
| Dewey Decimal Classification | London | London | Journal article | 14/09/1999 | ABS39896 | 19885-1001 | 06/08/2019 | 1 | 06/08/2019 | Journal article |